000 01028nam a22002657a 4500
005 2011022207587.0
008 110222t xxu||||| |||| 00| 0 mar d
010 _aMAR-20626
020 _c100.00
035 _aMR-13284
037 _bDBAD / PUB
040 _aDPL
_bMR
082 _a891.463
100 _aगोखले,पु
_926164
245 _aउमरावजान /
_cपु गोखले
246 _aUmraojan
_bby Pu Gokhle
260 _aपुणे
_bप्रतिमा प्रकाशन
_c2010
270 _a1362,सदाशिव पेठ
_bपुणे
_e411030
300 _a95पृ
_c21सेमी(अजिल्द)
650 _aमराठी कादंबरी
_926255
650 _aMarathi Fiction
_926256
700 _926165
942 _2ddc
_cMR
_mगोखले
_h891.463
999 _c50772
_d50772